Luật thuế giá trị gia tăng và văn bản hướng dẫn thi hành

Guardat en:
Dades bibliogràfiques
Format: Llibre
Idioma:Undetermined
Publicat: H. CTQG
Matèries:
Etiquetes: Afegir etiqueta
Sense etiquetes, Sigues el primer a etiquetar aquest registre!
Thư viện lưu trữ: Trung tâm Học liệu Trường Đại học Cần Thơ
LEADER 00466nam a2200157Ia 4500
001 CTU_53891
008 210402s9999 xx 000 0 und d
020 |b 31000 
082 |a 343.59704 
082 |b L504 
245 0 |a Luật thuế giá trị gia tăng và văn bản hướng dẫn thi hành 
260 |a H. 
260 |b CTQG 
650 |a Value-added tax 
650 |x law and legislation 
980 |a Trung tâm Học liệu Trường Đại học Cần Thơ